01055nam a2200277 a 4500001001300000003000900013005001700022008004100039020000800080082001600088100001900104245004400123260005600167300000900223500003500232505001000267505012700277650002000404700001900424902000800443942000700451952010600458952009400564952010600658999001300764nice12345678IN_TiNIC20260116011311.0050524s1927 bala grp 000 0 eng  ac000a500.25bSAR aSarton, George aIntroduction to the History of Science. aBaltimorebCarnegie Institution of Washingtonc1927 a839p aincludes index and biblioraphy2 aIndex2 aIndex00gV1.tFrom Homer to Omar Khayyam.--gV2P1.tFrom Rabbi Ben Ezra to Ibn Rushd.--gV2P2.tFrom Rabbi Ben Ezra to Rog aScience-History1 aSarton, George bSRS cBK 00104070aHMIbHMId2018-08-01g0.00l2o500.25 SARp00834r2018-12-13s2018-08-01w2026-01-16yBK 00104070aHMIbHMId2018-08-01g0.00l0o500.25 SARp00835r0000-00-00w2026-01-16yBK 00104070aHMIbHMId2018-08-01g0.00l1o500.25 SARp00836r2018-12-13s2018-07-02w2026-01-16yBK c314d314